The WTO after Hong Kong : (Record no. 45310)

MARC details
000 -LEADER
campo de control de longitud fija 01900cam a2200517 4500
001 - NÚMERO DE CONTROL
campo de control 53948
005 - FECHA Y HORA DE LA ÚLTIMA TRANSACCIÓN
campo de control 20230410115639.0
008 - DATOS DE LONGITUD FIJA--INFORMACIÓN GENERAL
campo de control de longitud fija 070515s2007 xx a b 001 0 eng c
035 ## - NÚMERO DE CONTROL DEL SISTEMA
Número de control de sistema (OCoLC)ocn154660506
040 ## - FUENTE DE CATALOGACIÓN
Centro catalogador/agencia de origen BTCTA
Centro/agencia transcriptor BTCTA
Centro/agencia modificador IUL
-- UKM
-- BAKER
-- YDXCP
015 ## - NÚMERO DE BIBLIOGRAFÍA NACIONAL
Número de bibliografía nacional GBA750195
Fuente bnb
016 7# - NÚMERO DE CONTROL DE UNA AGENCIA BIBLIOGRÁFICA NACIONAL
Número de control del registro 013763056
Fuente Uk
020 ## - NÚMERO INTERNACIONAL ESTÁNDAR DEL LIBRO
Número Internacional Estándar del Libro 9780415432023
020 ## - NÚMERO INTERNACIONAL ESTÁNDAR DEL LIBRO
Número Internacional Estándar del Libro 0415432022
020 ## - NÚMERO INTERNACIONAL ESTÁNDAR DEL LIBRO
Número Internacional Estándar del Libro 9780415431941 (hbk.)
020 ## - NÚMERO INTERNACIONAL ESTÁNDAR DEL LIBRO
Número Internacional Estándar del Libro 0415431948 (hbk.)
020 ## - NÚMERO INTERNACIONAL ESTÁNDAR DEL LIBRO
Número Internacional Estándar del Libro 9780203961094 (ebk.)
020 ## - NÚMERO INTERNACIONAL ESTÁNDAR DEL LIBRO
Número Internacional Estándar del Libro 0203961099 (ebk.)
035 ## - NÚMERO DE CONTROL DEL SISTEMA
Número de control de sistema (OCoLC)154660506
042 ## - CÓDIGO DE AUTENTICACIÓN
Código de autenticación pcc
043 ## - CÓDIGO DE ÁREA GEOGRÁFICA
Código de área geográfica d------
050 14 - SIGNATURA TOPOGRÁFICA DE LA BIBLIOTECA DEL CONGRESO
Número de clasificación HF1385
Número de ítem .W3372007
082 04 - NÚMERO DE LA CLASIFICACIÓN DECIMAL DEWEY
Número de clasificación 382.92
Número de edición 22
245 04 - MENCIÓN DEL TÍTULO
Título The WTO after Hong Kong :
Resto del título progress in, and prospects for, the Doha Development Agenda /
Mención de responsabilidad, etc. edited by Donna Lee and Rorden Wilkinson.
246 30 - FORMA VARIANTE DEL TITULO
Título propio/Titulo breve Progress in, and prospects for, the Doha Development Agenda
260 ## - PUBLICACIÓN, DISTRIBUCIÓN, ETC.
Lugar de publicación, distribución, etc. London ;
-- New York :
Nombre del editor, distribuidor, etc. Routledge,
Fecha de publicación, distribución, etc. 2007.
300 ## - DESCRIPCIÓN FÍSICA
Extensión xvi, 269 p. :
Otras características físicas ill. ;
Dimensiones 24 cm.
504 ## - NOTA DE BIBLIOGRAFÍA, ETC.
Nota de bibliografía, etc. Includes bibliographical references and index.
505 0# - NOTA DE CONTENIDO CON FORMATO
Nota de contenido con formato Setting the science -- Key issues -- Principal players -- Fairness and legitimacy -- Concluding the round.
611 20 - PUNTO DE ACCESO ADICIONAL DE MATERIA--NOMBRE DE REUNIÓN/CONGRESO
Nombre de congreso/reunión o jurisdicción como elemento de entrada Doha Development Agenda
Fecha del congreso o de la firma del tratado (2001- )
610 20 - PUNTO DE ACCESO ADICIONAL DE MATERIA--NOMBRE DE ENTIDAD CORPORATIVA
Nombre de entidad corporativa o nombre de jurisdicción como elemento de entrada World Trade Organization.
650 #0 - PUNTO DE ACCESO ADICIONAL DE MATERIA--TÉRMINO DE MATERIA
Término de materia o nombre geográfico como elemento de entrada Foreign trade regulation
Subdivisión geográfica Developing countries.
650 #0 - PUNTO DE ACCESO ADICIONAL DE MATERIA--TÉRMINO DE MATERIA
Término de materia o nombre geográfico como elemento de entrada International trade.
650 #0 - PUNTO DE ACCESO ADICIONAL DE MATERIA--TÉRMINO DE MATERIA
Término de materia o nombre geográfico como elemento de entrada Agriculture and state
Subdivisión geográfica Developing countries.
653 1# - TÉRMINO DE INDIZACIÓN--NO CONTROLADO
Término no controlado Doha Development Agenda
653 1# - TÉRMINO DE INDIZACIÓN--NO CONTROLADO
Término no controlado World trade
700 1# - ENTRADA AGREGADA--NOMBRE PERSONAL
Nombre de persona Lee, Donna,
Fechas asociadas al nombre 1963-
700 1# - ENTRADA AGREGADA--NOMBRE PERSONAL
Nombre de persona Wilkinson, Rorden,
Fechas asociadas al nombre 1970-
938 ## -
-- Baker and Taylor
-- BTCP
-- BK0007193576
938 ## -
-- Baker & Taylor
-- BKTY
-- 170.00
-- 170.00
-- 0415431948
-- 0007349620
-- active
938 ## -
-- YBP Library Services
-- YANK
-- 2743895
938 ## -
-- Baker & Taylor
-- BKTY
-- 49.95
-- 49.95
-- 0415432022
-- 0007193576
-- active
942 ## - ELEMENTOS DE ENTRADA SECUNDARIOS (KOHA)
Fuente del sistema de clasificación o colocación Clasificación de Library of Congress
Tipo de ítem Koha
946 ## - PROCESAMIENTO DE INFORMACIÓN LOCAL (OCLC)
a clperez
994 ## -
-- C0
-- DRFGD
Holdings
Estatus retirado Estado de pérdida Fuente del sistema de clasificación o colocación Estado de daño No para préstamo Colección Biblioteca de origen Biblioteca actual Ubicación en estantería Fecha de adquisición Serial enumeration / chronology Signatura topográfica completa Código de barras Visto por última vez Copia número Tipo de ítem Koha
    Clasificación de Library of Congress     Ciencias Sociales Biblioteca Juan Bosch Biblioteca Juan Bosch Ciencias Sociales (3er. Piso) 10/04/2023 3 HF1385 .W3372007 00000055994 24/10/2018 1